[Event "Parma Province-ch"]
[Site "Salsomaggiore Terme"]
[Date "2016.03.20"]
[Round "5"]
[White "Molinelli, Luigi"]
[Black "Scotti, Luigi"]
[Result "1-0"]
[WhiteElo "1286"]
[BlackElo "1433"]
[PlyCount "35"]
[EventDate "2016.03.18"]
[EventType "swiss"]
[EventRounds "5"]
[EventCountry "ITA"]
[SourceTitle "EXT 2018"]
[Source "ChessBase"]
[SourceDate "2017.10.13"]
[SourceVersion "1"]
[SourceVersionDate "2017.10.13"]
[SourceQuality "1"]

1. Nf3 g6 2. g3 Bg7 3. Bg2 d6 4. c4 e6 5. d3 Nd7 6. 0-0 a6 7. Nbd2 Rb8 8. Rb1 b6 9. b4 Bb7 10. a3 Ne7 11. Bb2 Bxb2 12. Rxb2 Nf6 13. Nd4 Bxg2 14. Kxg2 e5 15. N4b3 0-0 16. Qc2 Qd7 17. Ne4 Nxe4 18. dxe4 1-0

[Event "Codogno op-B 4th"]
[Site "Codogno"]
[Date "2012.09.22"]
[Round "2"]
[White "Scotti, Luigi"]
[Black "Plucani, Germano"]
[Result "0-1"]
[WhiteElo "1491"]
[BlackElo "1422"]
[PlyCount "98"]
[EventDate "2012.09.21"]
[EventType "swiss"]
[EventRounds "5"]
[EventCountry "ITA"]
[SourceTitle "EXT 2016"]
[Source "ChessBase"]
[SourceDate "2015.10.08"]
[SourceVersion "1"]
[SourceVersionDate "2015.10.08"]
[SourceQuality "1"]

1. d4 b6 2. e4 Bb7 3. Nc3 e6 4. Nf3 g6 5. Bd3 Bg7 6. 0-0 Ne7 7. Re1 0-0 8. Be3 d6 9. Qd2 Nd7 10. Bh6 d5 11. Bxg7 Kxg7 12. exd5 Nxd5 13. Nxd5 Bxd5 14. Qe3 Qf6 15. Ne5 Rad8 16. c4 Bb7 17. Ng4 Qh4 18. Ne5 Nxe5 19. Qxe5+ Qf6 20. Rad1 Qxe5 21. dxe5 c5 22. b3 Rd4 23. Rd2 Rfd8 24. Red1 Bc6 25. f3 a6 26. a4 a5 27. Kf2 h5 28. Ke3 f6 29. exf6+ Kxf6 30. Be4 Bxe4 31. fxe4 e5 32. Rf1+ Kg7 33. Rfd1 Kh6 34. h4 Rxd2 35. Rxd2 Rxd2 36. Kxd2 g5 37. hxg5+ Kxg5 38. Ke3 Kg4 39. Kf2 h4 40. Kg1 Kg3 41. Kf1 Kf4 42. Kf2 Kxe4 43. Ke2 Kf4 44. Kf2 e4 45. Ke2 Kg3 46. Kf1 e3 47. Ke2 Kxg2 48. Kxe3 h3 49. b4 axb4 0-1

[Event "Crema op 14th"]
[Site "Crema"]
[Date "2012.09.02"]
[Round "6"]
[White "Gonella, Graziano"]
[Black "Scotti, Luigi"]
[Result "0-1"]
[WhiteElo "1211"]
[BlackElo "1491"]
[PlyCount "48"]
[EventDate "2012.08.31"]
[EventType "swiss"]
[EventRounds "6"]
[EventCountry "ITA"]
[SourceTitle "EXT 2014"]
[Source "ChessBase"]
[SourceDate "2013.11.20"]
[SourceVersion "1"]
[SourceVersionDate "2013.11.20"]
[SourceQuality "1"]

1. e4 d6 2. Nc3 e5 3. Bc4 Nf6 4. Nf3 c6 5. Ng5 d5 6. exd5 cxd5 7. Bb5+ Nc6 8. 0-0 Bd6 9. Re1 0-0 10. Ba4 h6 11. Nf3 e4 12. Bxc6 bxc6 13. Nd4 Bxh2+ 14. Kf1 Bg4 15. Nce2 Be5 16. c3 Rb8 17. d3 Qd7 18. Qc2 c5 19. Nb3 c4 20. dxc4 dxc4 21. Nd2 Qc6 22. Ng1 Rfd8 23. Nxe4 Nxe4 24. Rxe4 Re8 0-1

[Event "Crema op 14th"]
[Site "Crema"]
[Date "2012.09.01"]
[Round "4"]
[White "Poletti, Guido"]
[Black "Scotti, Luigi"]
[Result "1/2-1/2"]
[WhiteElo "1371"]
[BlackElo "1491"]
[PlyCount "90"]
[EventDate "2012.08.31"]
[EventType "swiss"]
[EventRounds "6"]
[EventCountry "ITA"]
[SourceTitle "EXT 2014"]
[Source "ChessBase"]
[SourceDate "2013.11.20"]
[SourceVersion "1"]
[SourceVersionDate "2013.11.20"]
[SourceQuality "1"]

1. e4 e5 2. Nf3 Nc6 3. d4 exd4 4. Nxd4 Nge7 5. Be2 g6 6. 0-0 Bg7 7. c3 0-0 8. Be3 d6 9. Nd2 d5 10. Nxc6 Nxc6 11. exd5 Qxd5 12. Nf3 Be6 13. Qxd5 Bxd5 14. Rfd1 Be4 15. Rd2 Rfd8 16. Rad1 Rxd2 17. Rxd2 Rd8 18. Nd4 Nxd4 19. Bxd4 c5 20. Be3 Rxd2 21. Bxd2 b6 22. Bf4 Bd5 23. a3 c4 24. a4 a6 25. Be3 b5 26. axb5 axb5 27. Bd4 Bxd4 28. cxd4 b4 29. Kf1 c3 30. bxc3 bxc3 31. Bd3 Bb3 32. Ke1 Kf8 33. g4 Ke7 34. f4 h5 35. h3 hxg4 36. hxg4 Kf6 37. g5+ Ke6 38. Be4 Bd5 39. Bc2 f5 40. gxf6 Kxf6 41. Ke2 Bc4+ 42. Ke3 g5 43. fxg5+ Kxg5 44. Ke4 Kf6 45. d5 Bxd5+ 1/2-1/2

[Event "Codogno op 3rd B"]
[Site "Codogno"]
[Date "2011.10.15"]
[Round "2"]
[White "Maraschi, Alberto"]
[Black "Scotti, Luigi"]
[Result "0-1"]
[WhiteElo "1386"]
[BlackElo "1511"]
[PlyCount "70"]
[EventDate "2011.10.14"]
[EventType "swiss"]
[EventRounds "5"]
[EventCountry "ITA"]
[SourceTitle "EXT 2024"]
[Source "ChessBase"]
[SourceDate "2023.10.10"]
[SourceVersion "1"]
[SourceVersionDate "2023.10.10"]
[SourceQuality "1"]

1. e4 d6 2. d4 Nf6 3. Nc3 Nbd7 4. d5 a5 5. b3 Nc5 6. Bd3 e5 7. Bg5 Be7 8. Bxf6 Bxf6 9. Nf3 Nxd3+ 10. Qxd3 0-0 11. 0-0 b6 12. a4 Ba6 13. Nb5 Qd7 14. c4 Rfc8 15. Rac1 c6 16. dxc6 Rxc6 17. Qd5 Rac8 18. Rfd1 Bxb5 19. Qxb5 Qc7 20. h4 Rc5 21. Qa6 Qc6 22. b4 axb4 23. a5 Rxa5 24. Qxc8+ Qxc8 25. Rxd6 Rc5 26. Rcd1 Rxc4 27. Nxe5 Rc1 28. f4 Rxd1+ 29. Rxd1 Bxe5 30. fxe5 Qc5+ 31. Kh1 g6 32. Rd5 Qc1+ 33. Kh2 Qf4+ 34. g3 Qxe4 35. Rb5 Qe2+ 0-1

[Event "Codogno op 3rd B"]
[Site "Codogno"]
[Date "2011.10.14"]
[Round "1"]
[White "Scotti, Luigi"]
[Black "Mantovani, Enrico"]
[Result "0-1"]
[WhiteElo "1511"]
[BlackElo "1758"]
[PlyCount "54"]
[EventDate "2011.10.14"]
[EventType "swiss"]
[EventRounds "5"]
[EventCountry "ITA"]
[SourceTitle "EXT 2024"]
[Source "ChessBase"]
[SourceDate "2023.10.10"]
[SourceVersion "1"]
[SourceVersionDate "2023.10.10"]
[SourceQuality "1"]

1. e4 c6 2. d4 d5 3. exd5 cxd5 4. c4 Nf6 5. Nf3 g6 6. Nc3 Bg7 7. Be2 0-0 8. h3 Nc6 9. Be3 b6 10. Qd2 Re8 11. 0-0 Ba6 12. cxd5 Bxe2 13. Qxe2 Nxd5 14. Nxd5 Qxd5 15. Rfd1 Rac8 16. b3 Nb4 17. Rac1 Qh5 18. Rc4 Nd5 19. Rdc1 Rcd8 20. Kf1 f6 21. Qd2 e5 22. dxe5 Nxe3+ 23. Qxe3 Bh6 24. Rh4 Bxe3 25. Rxh5 Bxc1 26. Rh4 Bb2 27. exf6 Rd1+ 0-1

[Event "Lombardia Region-ch"]
[Site "Solaro"]
[Date "2011.05.29"]
[Round "4"]
[White "Vitale, Aurora"]
[Black "Scotti, Luigi"]
[Result "0-1"]
[WhiteElo "1416"]
[BlackElo "1535"]
[PlyCount "100"]
[EventDate "2011.05.27"]
[EventType "swiss"]
[EventRounds "5"]
[EventCountry "ITA"]
[SourceTitle "EXT 2023"]
[Source "ChessBase"]
[SourceDate "2022.10.05"]
[SourceVersion "1"]
[SourceVersionDate "2022.10.05"]
[SourceQuality "1"]

1. e4 d6 2. Nf3 Nf6 3. Nc3 g6 4. Bc4 Bg7 5. 0-0 0-0 6. d4 c6 7. Be3 Nbd7 8. Qd2 e5 9. Rad1 Ng4 10. Bg5 Ngf6 11. d5 c5 12. Nb5 Nb6 13. Bd3 a6 14. Nc3 Bg4 15. Be2 Qc7 16. h3 Bxf3 17. Bxf3 Nc4 18. Qc1 b5 19. b3 Nb6 20. a3 b4 21. axb4 cxb4 22. Na4 Nxa4 23. bxa4 Qc4 24. Rfe1 Rfc8 25. Re2 a5 26. Qb2 h6 27. Bc1 Nd7 28. Qb3 Nb6 29. Be3 Rab8 30. Qxc4 Rxc4 31. Ra1 Nxd5 32. exd5 e4 33. Rd1 exf3 34. gxf3 Rbc8 35. Rdd2 h5 36. Bf4 Rxf4 37. Kg2 Rfc4 38. Kg3 Bh6 39. Rd3 Rxc2 40. Re7 R2c7 41. Rxc7 Rxc7 42. Rd4 b3 43. Rd1 b2 44. Rb1 Bc1 45. Kg2 Rc4 46. Kf1 Rxa4 47. Kg2 Ra1 48. Rxa1 bxa1Q 49. h4 Bf4 50. Kh3 Qh1# 0-1

[Event "Lombardia Region-ch"]
[Site "Solaro"]
[Date "2011.05.28"]
[Round "3"]
[White "Puppi, Simone"]
[Black "Scotti, Luigi"]
[Result "1-0"]
[WhiteElo "1362"]
[BlackElo "1535"]
[PlyCount "83"]
[EventDate "2011.05.27"]
[EventType "swiss"]
[EventRounds "5"]
[EventCountry "ITA"]
[SourceTitle "EXT 2023"]
[Source "ChessBase"]
[SourceDate "2022.10.05"]
[SourceVersion "1"]
[SourceVersionDate "2022.10.05"]
[SourceQuality "1"]

1. e4 d6 2. Nf3 Nf6 3. Nc3 c5 4. Bc4 e6 5. d4 cxd4 6. Qxd4 Nc6 7. Bb5 Be7 8. 0-0 0-0 9. Bxc6 bxc6 10. Bg5 e5 11. Qd2 a5 12. Rad1 Bg4 13. Bxf6 gxf6 14. Qe3 Kh8 15. h3 Bxf3 16. Qxf3 Rg8 17. Ne2 Rb8 18. b3 a4 19. Ng3 axb3 20. axb3 Rg6 21. Nf5 Qc7 22. Rd2 Rbg8 23. g3 Bf8 24. Rfd1 d5 25. exd5 cxd5 26. Qxd5 Bh6 27. Nxh6 Rxh6 28. Qd7 Qc5 29. Kg2 Rhg6 30. Qd5 Qc7 31. c4 f5 32. Qd7 Qb6 33. Qxf5 Qb7+ 34. Rd5 f6 35. Qf3 Qe7 36. Qh5 Qb7 37. Qf3 Qe7 38. Qe4 Qb7 39. Rb1 R6g7 40. Kh2 Qb4 41. Rd3 Qb6 42. c5 1-0

[Event "Crema op 12th"]
[Site "Crema "]
[Date "2010.09.05"]
[Round "2"]
[White "Baccarin, Stefano"]
[Black "Scotti, Luigi"]
[Result "1-0"]
[WhiteElo "1794"]
[BlackElo "1592"]
[PlyCount "81"]
[EventDate "2010.09.05"]
[EventType "swiss"]
[EventRounds "6"]
[EventCountry "ITA"]
[SourceTitle "EXT 2012"]
[Source "ChessBase"]
[SourceDate "2011.11.24"]
[SourceVersion "1"]
[SourceVersionDate "2011.11.24"]
[SourceQuality "1"]

1. e4 d6 2. d4 Nf6 3. Nc3 g6 4. f4 Bg7 5. Nf3 0-0 6. Bd3 Nc6 7. 0-0 a6 8. h3 Nh5 9. Be3 b5 10. Qd2 e6 11. Ne2 Bb7 12. g4 Nf6 13. Ng3 Ne7 14. f5 exf5 15. gxf5 Qd7 16. Nh4 Rac8 17. Rf2 c5 18. e5 dxe5 19. dxe5 c4 20. exf6 Bxf6 21. fxg6 cxd3 22. gxh7+ Kxh7 23. Rxf6 Ng6 24. Nxg6 fxg6 25. Rxf8 Rxf8 26. Kh2 Rc8 27. cxd3 Qg7 28. Ne4 Qe5+ 29. Bf4 Qd4 30. Ng5+ Kg8 31. Re1 Bd5 32. Be5 Qa7 33. Rf1 Bxa2 34. Qf2 Qe7 35. Qf6 Rc2+ 36. Kg1 Qxf6 37. Rxf6 Rc1+ 38. Kf2 Rc2+ 39. Ke3 Bb3 40. Rxg6+ Kf8 41. Rxa6 1-0

[Event "Crema op 12th"]
[Site "Crema "]
[Date "2010.09.05"]
[Round "4"]
[White "Cocconcelli, Lorenzo"]
[Black "Scotti, Luigi"]
[Result "1-0"]
[WhiteElo "1809"]
[BlackElo "1592"]
[PlyCount "67"]
[EventDate "2010.09.05"]
[EventType "swiss"]
[EventRounds "6"]
[EventCountry "ITA"]
[SourceTitle "EXT 2012"]
[Source "ChessBase"]
[SourceDate "2011.11.24"]
[SourceVersion "1"]
[SourceVersionDate "2011.11.24"]
[SourceQuality "1"]

1. d4 d6 2. c4 e5 3. dxe5 dxe5 4. Qxd8+ Kxd8 5. Nc3 Be6 6. b3 c6 7. Bb2 Nd7 8. 0-0-0 f6 9. e3 Nh6 10. h3 Kc7 11. Bd3 f5 12. Nge2 Nc5 13. Bb1 Be7 14. Nd5+ cxd5 15. cxd5 Rhg8 16. Bxe5+ Bd6 17. Bxd6+ Kxd6 18. dxe6+ Kxe6 19. Nf4+ Kf7 20. Rd5 Rac8 21. Kb2 g6 22. Rhd1 a5 23. Nd3 Ne4 24. Ne5+ Ke6 25. Bxe4 fxe4 26. Rd6+ Ke7 27. Nc4 Rgf8 28. R1d2 a4 29. Rd7+ Ke8 30. Rxh7 Nf7 31. Rd4 Ng5 32. Nd6+ Kd8 33. Nf5+ Ke8 34. Re7# 1-0

[Event "Crema op 05th"]
[Site "Crema"]
[Date "2003.09.07"]
[Round "5"]
[White "Scotti, Luigi"]
[Black "Marchiano, Nicola"]
[Result "1/2-1/2"]
[WhiteElo "1507"]
[BlackElo "1675"]
[PlyCount "51"]
[EventDate "2003.09.05"]
[EventType "swiss"]
[EventRounds "6"]
[EventCountry "ITA"]
[SourceTitle "EXT 2007"]
[Source "ChessBase"]
[SourceDate "2006.11.23"]
[SourceVersion "1"]
[SourceVersionDate "2006.11.23"]
[SourceQuality "1"]

1. e4 c6 2. Nc3 d5 3. Nf3 Bg4 4. d4 dxe4 5. Nxe4 Bxf3 6. gxf3 e5 7. Be3 f5 8. Bg5 Be7 9. Bxe7 Nxe7 10. Nc5 Qd6 11. Nb3 Nd7 12. Qd2 exd4 13. Qxd4 Qxd4 14. Nxd4 0-0-0 15. 0-0-0 Ne5 16. Bh3 g6 17. Rhe1 Rxd4 18. Rxd4 Nxf3 19. Rxe7 Nxd4 20. Bg2 f4 21. c3 Nb5 22. Bh3+ Kb8 23. a4 Nc7 24. Bg4 h5 25. Bf3 g5 26. h3 1/2-1/2

[Event "Crema op 05th"]
[Site "Crema"]
[Date "2003.09.05"]
[Round "1"]
[White "Scotti, Luigi"]
[Black "Sartorio, Diego"]
[Result "1/2-1/2"]
[WhiteElo "1507"]
[BlackElo "1988"]
[PlyCount "72"]
[EventDate "2003.09.05"]
[EventType "swiss"]
[EventRounds "6"]
[EventCountry "ITA"]
[SourceTitle "EXT 2007"]
[Source "ChessBase"]
[SourceDate "2006.11.23"]
[SourceVersion "1"]
[SourceVersionDate "2006.11.23"]
[SourceQuality "1"]

1. e4 e6 2. d4 d5 3. Nc3 Bb4 4. e5 c5 5. a3 Ba5 6. b4 cxd4 7. Qg4 Ne7 8. Qxg7 Rg8 9. Qxh7 Nbc6 10. Nf3 a6 11. h4 Bc7 12. Ne2 Nxe5 13. Nexd4 Qd6 14. Bg5 N5g6 15. h5 Nf8 16. Bxe7 Nxh7 17. Bxd6 Bxd6 18. Bd3 Ng5 19. Nxg5 Rxg5 20. h6 Rg8 21. Nf3 e5 22. Ng5 e4 23. h7 Rh8 24. Be2 Bf4 25. Nxe4 dxe4 26. g3 Be5 27. Rd1 Be6 28. f4 exf3 29. Bxf3 Bxg3+ 30. Ke2 Kf8 31. Rdg1 Bc4+ 32. Kd1 Rd8+ 33. Kc1 Bf4+ 34. Kb1 Be5 35. Bxb7 Rd6 36. Be4 Rd8 1/2-1/2

[Event "Crema op 04th"]
[Site "Crema"]
[Date "2002.09.06"]
[Round "2"]
[White "Badalotti, Dario"]
[Black "Scotti, Luigi"]
[Result "0-1"]
[WhiteElo "1585"]
[BlackElo "1399"]
[PlyCount "84"]
[EventDate "2002.09.06"]
[EventType "swiss"]
[EventRounds "6"]
[EventCountry "ITA"]
[SourceTitle "EXT 2007"]
[Source "ChessBase"]
[SourceDate "2006.11.23"]
[SourceVersion "1"]
[SourceVersionDate "2006.11.23"]
[SourceQuality "1"]

1. e4 c5 2. Nf3 d6 3. Nc3 Nf6 4. d4 cxd4 5. Nxd4 a6 6. Bg5 e6 7. Be2 Be7 8. 0-0 Nc6 9. Nb3 0-0 10. Qd3 Bd7 11. Bxf6 gxf6 12. Rad1 Ne5 13. Qe3 b5 14. Kh1 b4 15. Nb1 a5 16. c3 Rc8 17. cxb4 axb4 18. Rd4 Qb6 19. Qg3+ Kh8 20. f4 Rg8 21. Qh3 Nc6 22. Rd2 Qb7 23. Bd3 e5 24. Qh5 Rcf8 25. f5 Rg7 26. Bc4 Be8 27. Bd5 Qb5 28. Rf3 Rfg8 29. Rdd3 Rxg2 30. Rd1 Qe2 31. Rdf1 R8g7 32. N1d2 R2g5 33. Qh3 Rg2 34. Bc4 Rg1+ 35. Rxg1 Rxg1+ 36. Kxg1 Qd1+ 37. Kg2 Nd4 38. Nxd4 Qxd2+ 39. Kh1 Qxd4 40. b3 Qxe4 41. Kg1 Qb1+ 42. Bf1 Qxa2 0-1

[Event "Crema op 04th"]
[Site "Crema"]
[Date "2002.09.06"]
[Round "1"]
[White "Scotti, Luigi"]
[Black "Distratis, Gianluca"]
[Result "0-1"]
[WhiteElo "1399"]
[BlackElo "1675"]
[PlyCount "116"]
[EventDate "2002.09.06"]
[EventType "swiss"]
[EventRounds "6"]
[EventCountry "ITA"]
[SourceTitle "EXT 2007"]
[Source "ChessBase"]
[SourceDate "2006.11.23"]
[SourceVersion "1"]
[SourceVersionDate "2006.11.23"]
[SourceQuality "1"]

1. e4 d5 2. exd5 Nf6 3. d4 Nxd5 4. c4 Nb6 5. Nc3 g6 6. Nf3 Bg7 7. Be3 Nc6 8. h3 0-0 9. Be2 e5 10. dxe5 Qe7 11. Nd5 Nxd5 12. cxd5 Nxe5 13. Qd2 Rd8 14. Rc1 b6 15. Nxe5 Bxe5 16. Bf3 Ba6 17. Be2 Bxe2 18. Kxe2 Rd6 19. Rhd1 Rad8 20. Qb4 Qd7 21. Bg5 f6 22. Be3 Rxd5 23. Qb3 Kg7 24. f4 Rxd1 25. Rxd1 Qxd1+ 26. Qxd1 Rxd1 27. Kxd1 Bxb2 28. Kc2 Ba3 29. Kb3 Bd6 30. Kc4 c6 31. g3 Kf7 32. Bd4 Ke6 33. a4 f5 34. Bf2 Bc7 35. Be1 a6 36. Bf2 b5+ 37. axb5 axb5+ 38. Kc5 Kd7 39. Be1 Bb8 40. Kb6 Kd6 41. Bb4+ Kd5 42. Be7 Bd6 43. Bg5 Bc5+ 44. Ka5 Bf2 45. g4 Ke4 46. Kb4 Be3 47. gxf5 gxf5 48. h4 h5 49. Bh6 Bxf4 50. Bg5 Bg3 51. Kc5 f4 52. Bf6 f3 53. Bd4 f2 54. Bxf2 Bxf2+ 55. Kxc6 b4 56. Kb5 b3 57. Kb4 b2 58. Kb3 b1Q+ 0-1